Map quiz of Countries, Territories, and Dependencies of the World - Statistics

General Stats
  • This quiz has been taken 19 times
  • The average score is 270 of 305
Answers on the Map
Answers color-coded by a green-red scale on the quiz's map according to % correct below.
 
Answer Stats
Continent Status Formal Name Answer % Correct
Eurasia UN member state Islamic Emirate of Afghanistan Afghanistan
100%
Europe UN member state Republic of Albania Albania
100%
Africa UN member state People's DemocraticRepublic of Algeria Algeria
100%
Oceania Unincorporated, de facto organized territory of the United States Territory of American Samoa American Samoa
100%
Europe UN member state Principality of Andorra Andorra
100%
Africa UN member state Republic of Angola Angola
100%
Caribbean UN member state Antigua and Barbuda Antigua and Barbuda
100%
South America UN member state Argentine Republic Argentina
100%
Oceania UN member state Commonwealth of Australia Australia
100%
Europe UN member state, EU member Republic of Austria Austria
100%
Eurasia UN member state Republic of Azerbaijan Azerbaijan
100%
Middle East UN member state Kingdom of Bahrain Bahrain
100%
Asia UN member state People's Republic of Bangladesh Bangladesh
100%
Caribbean UN member state Barbados Barbados
100%
Europe UN member state Republic of Belarus Belarus
100%
Europe UN member state, EU member Kingdom of Belgium Belgium
100%
North America UN member state Belize Belize
100%
Caribbean British Overseas Territory Bermuda Bermuda
100%
Asia UN member state Kingdom of Bhutan Bhutan
100%
South America UN member state Plurinational State of Bolivia Bolivia
100%
Europe UN member state Bosnia and Herzegovina Bosnia and Herzegovina
100%
Africa UN member state Republic of Botswana Botswana
100%
South America UN member state Federative Republic of Brazil Brazil
100%
Asia UN member state Brunei Darussalam Brunei
100%
Europe UN member state, EU member Republic of Bulgaria Bulgaria
100%
Africa UN member state Republic of Burundi Burundi
100%
Asia UN member state Kingdom of Cambodia Cambodia
100%
Africa UN member state Republic of Cameroon Cameroon
100%
North America UN member state Canada Canada
100%
Africa UN member state Republic of Cabo Verde Cape Verde
100%
Africa UN member state Central African Republic Central African Republic
100%
Africa UN member state Republic of Chad Chad
100%
South America UN member state Republic of Chile Chile
100%
Asia UN member state People's Republic of China China
100%
South America UN member state Republic of Colombia Colombia
100%
Africa UN member state Union of the Comoros Comoros
100%
North America UN member state Republic of Costa Rica Costa Rica
100%
Africa UN member state Republic of Côte d'Ivoire Côte d'Ivoire
100%
Europe UN member state, EU member Republic of Croatia Croatia
100%
Caribbean UN member state Republic of Cuba Cuba
100%
Europe UN member state, EU member Czech Republic Czech Republic
100%
Africa UN member state Democratic Republicof the Congo Democratic Republic of the Congo
100%
Europe UN member state, EU member Kingdom of Denmark Denmark
100%
Caribbean UN member state Commonwealth of Dominica Dominica
100%
Caribbean UN member state Dominican Republic Dominican Republic
100%
South America UN member state Republic of Ecuador Ecuador
100%
Africa UN member state Arab Republic of Egypt Egypt
100%
North America UN member state Republic of El Salvador El Salvador
100%
Africa UN member state Republic of Equatorial Guinea Equatorial Guinea
100%
Africa UN member state State of Eritrea Eritrea
100%
Europe UN member state, EU member Republic of Estonia Estonia
100%
Africa UN member state Kingdom of Eswatini Eswatini
100%
Africa UN member state Federal Democratic Republic of Ethiopia Ethiopia
100%
South America British Overseas Territory Falkland Islands Falklands
100%
Europe Autonomous territory of Denmark Faeroe Islands Faroe Islands
100%
Europe UN member state, EU member Republic of Finland Finland
100%
Europe UN member state, EU member French Republic France
100%
South America Overseas department, regionof France Guiana French Guiana
100%
Africa UN member state Gabonese Republic Gabon
100%
Eurasia UN member state Georgia Georgia
100%
Europe UN member state, EU member Federal Republic of Germany Germany
100%
Europe British Overseas Territory Gibraltar Gibraltar
100%
Europe UN member state, EU member Hellenic Republic Greece
100%
North America Danish Autonomous Territory Greenland Greenland
100%
Caribbean UN member state Grenada Grenada
100%
North America UN member state Republic of Guatemala Guatemala
100%
Europe British Crown Dependency Bailiwick of Guernsey Guernsey
100%
Africa UN member state Republic of Guinea Guinea
100%
Africa UN member state Republic of Guinea-Bissau Guinea-Bissau
100%
South America UN member state Co-operative Republic of Guyana Guyana
100%
Caribbean UN member state Republic of Haiti Haiti
100%
North America UN member state Republic of Honduras Honduras
100%
Europe UN member state, EU member Hungary Hungary
100%
Europe UN member state Iceland Iceland
100%
Asia UN member state Republic of India India
100%
Asia UN member state Republic of Indonesia Indonesia
100%
Middle East UN member state Islamic Republic of Iran Iran
100%
Middle East UN member state Republic of Iraq Iraq
100%
Europe UN member state, EU member Ireland Ireland
100%
Europe British Crown Dependency Isle of Man Isle of Man
100%
Middle East UN member state State of Israel Israel
100%
Europe UN member state, EU member Italian Republic Italy
100%
Caribbean UN member state Jamaica Jamaica
100%
Asia UN member state Japan Japan
100%
Europe British Crown Dependency Bailiwick of Jersey Jersey
100%
Middle East UN member state Hashemite Kingdom of Jordan Jordan
100%
Eurasia UN member state Republic of Kazakhstan Kazakhstan
100%
Africa UN member state Republic of Kenya Kenya
100%
Europe Non-UN member state with partial international recognition, Claimed by Serbia Republic of Kosovo Kosovo
100%
Middle East UN member state State of Kuwait Kuwait
100%
Eurasia UN member state Kyrgyz Republic Kyrgyzstan
100%
Asia UN member state Lao People's Democratic Republic Laos
100%
Europe UN member state, EU member Republic of Latvia Latvia
100%
Middle East UN member state Lebanese Republic Lebanon
100%
Africa UN member state Kingdom of Lesotho Lesotho
100%
Africa UN member state Republic of Liberia Liberia
100%
Africa UN member state State of Libya Libya
100%
Europe UN member state Principality of Liechtenstein Liechtenstein
100%
Europe UN member state, EU member Republic of Lithuania Lithuania
100%
Europe UN member state, EU member Grand Duchy of Luxembourg Luxembourg
100%
Asia Special Administrative Region of China Macao SAR Macau
100%
Africa UN member state Republic of Madagascar Madagascar
100%
Asia UN member state Malaysia Malaysia
100%
Asia UN member state Republic of Maldives Maldives
100%
Africa UN member state Republic of Mali Mali
100%
Europe UN member state, EU member Republic of Malta Malta
100%
Oceania UN member state, Free Association with the US Republic of the Marshall Islands Marshall Islands
100%
Africa UN member state Islamic Republic of Mauritania Mauritania
100%
North America UN member state United Mexican States Mexico
100%
Europe UN member state Republic of Moldova Moldova
100%
Europe UN member state Principality of Monaco Monaco
100%
Asia UN member state Mongolia Mongolia
100%
Europe UN member state Montenegro Montenegro
100%
Africa UN member state Kingdom of Morocco Morocco
100%
Africa UN member state Republic of Mozambique Mozambique
100%
Asia UN member state Republic of the Union of Myanmar Myanmar
100%
Africa UN member state Republic of Namibia Namibia
100%
Asia UN member state Federal Democratic Republic of Nepal Nepal
100%
Europe UN member state, EU member Kingdom of the Netherlands Netherlands
100%
Oceania UN member state New Zealand New Zealand
100%
North America UN member state Republic of Nicaragua Nicaragua
100%
Africa UN member state Republic of the Niger Niger
100%
Africa UN member state Federal Republic of Nigeria Nigeria
100%
Asia UN member state Democratic People's Republic of Korea North Korea
100%
Europe UN member state Republic of North Macedonia North Macedonia
100%
Middle East UN member state Sultanate of Oman Oman
100%
Asia UN member state Islamic Republic of Pakistan Pakistan
100%
Oceania UN member state,Free Association with the US Republic of Palau Palau
100%
Middle East UN General Assembly observer state, Partial International Recognition State of Palestine Palestine
100%
North America UN member state Republic of Panama Panama
100%
Oceania UN member state Independent State of Papua New Guinea Papua New Guinea
100%
South America UN member state Republic of Paraguay Paraguay
100%
South America UN member state Republic of Peru Peru
100%
Asia UN member state Republic of the Philippines Philippines
100%
Europe UN member state, EU member Republic of Poland Poland
100%
Europe UN member state, EU member Portuguese Republic Portugal
100%
Africa UN member state Republic of the Congo Republic of the Congo
100%
Europe UN member state, EU member Romania Romania
100%
Europe UN member state Russian Federation Russia
100%
Africa UN member state Republic of Rwanda Rwanda
100%
Caribbean UN member state Federation of Saint Christopher and Nevis Saint Kitts and Nevis
100%
Caribbean UN member state Saint Lucia Saint Lucia
100%
Caribbean UN member state Saint Vincent and the Grenadines Saint Vincent and the Grenadines
100%
Oceania UN member state Independent State of Samoa Samoa
100%
Europe UN member state Republic of San Marino San Marino
100%
Middle East UN member state Kingdom of Saudi Arabia Saudi Arabia
100%
Africa UN member state Republic of Senegal Senegal
100%
Africa UN member state Republic of Seychelles Seychelles
100%
Asia UN member state Republic of Singapore Singapore
100%
Europe UN member state, EU member Slovak Republic Slovakia
100%
Europe UN member state, EU member Republic of Slovenia Slovenia
100%
Oceania UN member state Solomon Islands Solomon Islands
100%
Africa UN member state Federal Republic of Somalia Somalia
100%
Africa UN member state Republic of South Africa South Africa
100%
Asia UN member state Republic of Korea South Korea
100%
Africa UN member state Republic of South Sudan South Sudan
100%
Europe UN member state, EU member Kingdom of Spain Spain
100%
Asia UN member state Democratic Socialist Republic of Sri Lanka Sri Lanka
100%
Africa UN member state Republic of the Sudan Sudan
100%
South America UN member state Republic of Suriname Suriname
100%
Europe UN member state, EU member Kingdom of Sweden Sweden
100%
Europe UN member state Swiss Confederation Switzerland
100%
Middle East UN member state Syrian Arab Republic Syria
100%
Eurasia UN member state Republic of Tajikistan Tajikistan
100%
Africa UN member state United Republic of Tanzania Tanzania
100%
Asia UN member state Kingdom of Thailand Thailand
100%
Caribbean UN member state Commonwealth of the Bahamas the Bahamas
100%
Africa UN member state Republic of the Gambia The Gambia
100%
Asia UN member state Democratic Republic of Timor-Leste Timor-Leste
100%
Africa UN member state Togolese Republic Togo
100%
Oceania UN member state Kingdom of Tonga Tonga
100%
Africa UN member state Republic of Tunisia Tunisia
100%
Eurasia UN member state Republic of Türkiye Turkey
100%
Eurasia UN member state Turkmenistan Turkmenistan
100%
Europe UN member state Ukraine Ukraine
100%
Middle East UN member state United Arab Emirates United Arab Emirates
100%
Europe UN member state United Kingdom of Great Britain and Northern Ireland United Kingdom
100%
North America UN member state United States of America United States
100%
South America UN member state Oriental Republic of Uruguay Uruguay
100%
Eurasia UN member state Republic of Uzbekistan Uzbekistan
100%
Oceania UN member state Republic of Vanuatu Vanuatu
100%
Europe UN General Assembly observer state Vatican City State, Holy See Vatican City
100%
South America UN member state Bolivarian Republic of Venezuela Venezuela
100%
Asia UN member state Socialist Republic of Vietnam Viet Nam
100%
Eurasia UN member state Republic of Yemen Yemen
100%
Africa UN member state Republic of Zambia Zambia
100%
Africa UN member state Republic of Zimbabwe Zimbabwe
100%
Caribbean British Overseas Territory Anguilla Anguilla
91%
Eurasia UN member state Republic of Armenia Armenia
91%
Caribbean Dutch Constituent Country Country of Aruba Aruba
91%
Africa UN member state Republic of Benin Benin
91%
Caribbean Dutch Special Municipality Bonaire Bonaire
91%
Caribbean British Overseas Territory Virgin Islands British Virgin Islands
91%
Africa UN member state Burkina Faso Burkina Faso
91%
Caribbean British Overseas Territory Cayman Islands Cayman Islands
91%
Europeua disputed with and occupied by Russia Republic of Crimea /Autonomous Republic of Crimea Crimea
91%
Caribbean Dutch Constituent Country Country of Curaçao Curaçao
91%
Eurasia UN member state Republic of Cyprus Cyprus
91%
Africa UN member state Republic of Djibouti Djibouti
91%
Europeua Sovereignty disputed by Ukraine Donetsk People's Republic Donetsk
91%
Oceania UN member state Republic of Fiji Fiji
91%
Oceania Overseas country of France Overseas Lands of French Polynesia French Polynesia
91%
Oceania Special territory of Ecuador Galápagos Province Galápagos Islands
91%
Africa UN member state Republic of Ghana Ghana
91%
Caribbean French Overseas Department and Region Guadeloupe Guadeloupe
91%
Oceania Unincorporated territory of the United States Territory of Guam Guam
91%
Asia Special Administrative Region of China Hong Kong SAR Hong Kong
91%
Oceania UN member state Republic of Kiribati Kiribati
91%
Middle Eastiq Autonomous federal regionof Iraq Kurdistan Region Kurdistan
91%
Europeua Sovereignty disputed by Ukraine Luhansk People's Republic Luhansk
91%
Africa UN member state Republic of Malawi Malawi
91%
Caribbean French Overseas Department and Region Martinique Martinique
91%
Africa UN member state Republic of Mauritius Mauritius
91%
Africa French Overseas Department and Region Department of Mayotte Mayotte
91%
Oceania UN member state, Free Association with the US Federated States of Micronesia Micronesia
91%
Oceania UN member state Republic of Nauru Nauru
91%
Eurasiatr Claimed as part of Cyprus,Limited recognition Turkish Republic of Northern Cyprus Northern Cyprus
91%
Oceania Unincorporated territory and commonwealth of the United States Commonwealth of the Northern Mariana Islands Northern Mariana Islands
91%
Europe UN member state, EU member Kingdom of Norway Norway
91%
Caribbean Unincorporated organized territory and Commonwealth of the United States Commonwealth of Puerto Rico Puerto Rico
91%
Middle East UN member state State of Qatar Qatar
91%
Oceania Insular Chile Isla de Pascua Province Rapa Nui (Easter Island)
91%
Africa French Overseas Department and Region La Réunion Réunion
91%
South America British Overseas Territory Saint Helena, Ascension and Tristan da Cunha Saint Helena
91%
Caribbean French Overseas Collectivity Collectivity of Saint Martin Saint Martin
91%
Africa UN member state Democratic Republic of São Tomé and Príncipe São Tomé and Príncipe
91%
Europe UN member state Republic of Serbia Serbia
91%
Africa UN member state Republic of Sierra Leone Sierra Leone
91%
Caribbean Dutch Constituent Country Sint Maarten Sint Maarten
91%
Africaso State not controlled by Somalia, Limited recognition Republic of Somaliland Somaliland
91%
South America British Overseas Territory South Georgia and the South Sandwich Islands South Georgia
91%
Europesj Special territory of Norway Svalbard Svalbard
91%
Europemd Claimed as a territorial unit of Moldova, Limited recognition Pridnestrovian Moldavian Republic Transnistria
91%
Caribbean UN member state Republic of Trinidad and Tobago Trinidad and Tobago
91%
Caribbean British overseas territory Turks and Caicos Islands Turks and Caicos Islands
91%
Oceania UN member state Tuvalu Tuvalu
91%
Africa UN member state Republic of Uganda Uganda
91%
Africa Non-UN member state with partial international recognition,Claimed by Morocco Sahrawi Arab Democratic Republic Western Sahara
91%
Africatz Semi-Autonomous region that forms Tanzania Revolutionary Government of Zanzibar Zanzibar
91%
Eurasiage Claimed as an autonomous republic of Georgia, Limited recognition Republic of Abkhazia Abkhazia
82%
Oceania Autonomous Region of Papua New Guinea Autonomous Region of Bougainville Bougainville
82%
Oceania External territory of Australia Territory of Christmas Island Christmas Island
82%
Oceania State in free association with New Zealand Cook Islands Cook Islands
82%
Oceania State of the United States State of Hawaii Hawaii
82%
Europe Special territory of Norway Jan Mayen Jan Mayen
82%
Caribbean British Overseas Territory Montserrat Montserrat
82%
Oceania Overseas sui generis collectivity of France Territory of New Caledonia and Dependencies New Caledonia
82%
Oceania State in free association with New Zealand Niue Niue
82%
Oceania External territory of Australia Territory of Norfolk Island Norfolk Island
82%
Europegb Constituent country of the UK Northern Ireland Northern Ireland
82%
Oceania British Overseas Territory Pitcairn Group of Islands Pitcairn Islands
82%
Caribbean French Overseas Collectivity Territorial Collectivity of Saint Barthélemy Saint Barthélemy
82%
Caribbean French Overseas Collectivity Saint Pierre and Miquelon Saint Pierre and Miquelon
82%
Eurasiage Claimed as an autonomous republic of Georgia, Limited recognition Republic of South Ossetia - State of Alania South Ossetia
82%
Asia Non-UN member state with partial international recognition,Claimed by the PRC Republic of China Taiwan
82%
Caribbean Unincorporated organized territory of the United States Virgin Islands of the United States U.S. Virgin Islands
82%
Europeax Self-governing area of Finland Region of Åland Åland Islands
73%
Africa British Overseas Territory British Indian Ocean Territory British Indian Ocean Territory
73%
Oceania External territory of Australia Territory of Cocos (Keeling) Islands Cocos (Keeling) Islands
73%
Oceania Dependency of New Zealand Tokelau Tokelau
73%
Oceania Overseas collectivity of France Territory of the Wallis and Futuna Islands Wallis and Futuna
73%
Oceania US Minor Outlying Island Midway Atoll Midway Atoll
64%
Caribbean nl Dutch Special Municipality Saba Saba
64%
Europe Autonomous Province of Serbia Autonomous Province of Vojvodina Vojvodina
64%
Eurasiagb British Overseas Territory Sovereign Base Areas of Akrotiri and Dhekelia Akrotiri and Dhekelia
55%
Antarctica Department of Argentina Argentine Antarctica Argentine Antarctica
55%
Antarctica Province of Chilean Region Chilean Antarctic Territory Chilean Antarctic Territory
55%
Oceania Overseas state private property of France Clipperton Island Clipperton Island
55%
Antarctica Overseas territory of France French Southernand Antarctic Lands French Southern and Antarctic Lands
55%
Oceania External territory of Australia Territory of Heard Island and McDonald Islands Heard and McDonald Islands
55%
Caribbean US Minor Outlying Island Navassa Island Navassa Island
55%
Europeba Confederal entity of Bosnia and Herzegovina Republika Srpska Republika Srpska
55%
Caribbean nl Dutch Special Municipality Sint Eustatius Sint Eustatius
55%
Oceania US Minor Outlying Island Wake Island Wake Island
55%
Eurasiage Autonomous Republic of Georgia Autonomous Republic of Adjara Adjara
45%
Antarctica External territory of Australia Australian Antarctic Territory Australian Antarctic Territory
45%
Oceania US Minor Outlying Island Baker Island Baker Island
45%
Antarctica bv Norwegian Dependent Territory Bouvet Island Bouvet Island
45%
Oceania External territory of Australia Coral Sea Islands Territory Coral Sea Islands
45%
Oceania US Minor Outlying Island Howland Island Howland Island
45%
Oceania US Minor Outlying Island Johnston Atoll Johnston Atoll
45%
Oceania US Minor Outlying Island Palmyra Atoll Palmyra Atoll
45%
Antarctica Norwegian Dependent Territory Queen Maud Land Queen Maud Land
45%
Antarctica Dependency of New Zealand Ross Dependency Ross Dependency
45%
Oceania Indonesian Territories of New Guinea Provinces of Indonesia West Papua
45%
Oceania External territory of Australia Territory of Ashmore and Cartier Islands Ashmore and Cartier Islands
36%
Oceania US Minor Outlying Island Jarvis Island Jarvis Island
36%
Eurasiauz Autonomous republic of Uzbekistan Republic of Karakalpakstan Karakalpakstan
36%
Oceania US Minor Outlying Island Kingman Reef Kingman Reef
36%
Eurasiaaz Autonomous Republic ofAzerbaijan Nakhchivan Autonomous Republic Nakhchivan
36%
Antarctica Norwegian Dependent Territory Peter I Island Peter I Island
36%
Africamu Autonomous Outer Islandof Mauritius Rodrigues Rodrigues
36%
North America De facto autonomy within Mexico Zapatista Autonomous Municipalities Zapatista Territories
36%
Asia Autonomous region of the Philippines Bangsamoro Autonomous Region in Muslim Mindanao Bangsamoro
27%
Eurasia Autonomous region in Tajikistan Badakhshan Mountainous Autonomous Region Gorno-Badakhshan
27%
Oceania Insular Chile Juan Fernández Islands Juan Fernández Islands
27%
Antarctica Terra nullius Marie Byrd Land Marie Byrd Land
27%
Oceania Insular Area of Tokyo Prefecture Nanpō Islands Nanpō Islands
27%
North America Autonomous region in Nicaragua North Caribbean Coast Autonomous Region North Caribbean Coast AR
27%
North America Autonomous region in Nicaragua South Caribbean Coast Autonomous Region South Caribbean CoastAR
27%
Oceania Regional Authority administered in Australia Torres Strait Islands Torres Strait Islands
27%
Oceania External territory of Australia Lord Howe Island Lord Howe Island
18%
Oceania Dependency of Fiji Rotuma Rotuma
18%
Caribbean co Department of Colombia Archipelago of San Andrés, Providencia and Santa Catalina San Andrés and Providencia
18%
Oceania Municipality and SAR of East Timor Oecusse/Ambeno Oecusse/Ambeno
9%
No matching quizzes found
Score Distribution
Percent of People with Each Score
Percentile by Number Answered
Your Score History
You have not taken this quiz